Guess the Fusion Rock Song Lyrics #341 - Statistics

General Stats
  • This quiz has been taken 14 times
  • The average score is 64 of 126
Answer Stats
Answer % Correct
a
91%
And
91%
and
91%
be
91%
Is
91%
it
91%
are
82%
as
82%
in
82%
me
82%
the
82%
to
82%
If
73%
if
73%
It's
73%
it's
73%
love
73%
we
73%
We
73%
get
64%
I'm
64%
Let
64%
no
64%
Oh
64%
that
64%
time
64%
What
64%
what
64%
will
64%
You
64%
you
64%
your
64%
go
55%
got
55%
Got
55%
know
55%
our
55%
Some
55%
This
55%
this
55%
ever
45%
eyes
45%
lives
45%
look
45%
not
45%
now
45%
of
45%
seems
45%
them
45%
want
45%
don't
36%
gone
36%
left
36%
over
36%
things
36%
was
36%
away
27%
best
27%
here
27%
inside
27%
out
27%
Something
27%
with
27%
better
18%
comes
18%
deep
18%
down
18%
Knowing
18%
new
18%
Nicolette Larson and Michael McDonald
18%
surprise
18%
though
18%
begin
9%
Guess
9%
hide
9%
place
9%
show
9%
unsaid
9%
acquainted
0%
fantasy
0%
haunting
0%
instead
0%
shared
0%
sit
0%
truth
0%
No matching quizzes found
Score Distribution
Percent of People with Each Score
Percentile by Number Answered
Your Score History
You have not taken this quiz